| 000 -LEADER | |
|---|---|
| fixed length control field | 00397nam a22001697a 4500 |
| 005 - DATE AND TIME OF LATEST TRANSACTION | |
| control field | 20210908140014.0 |
| 008 - FIXED-LENGTH DATA ELEMENTS--GENERAL INFORMATION | |
| fixed length control field | 160701b xxu||||| |||| 00| 0 eng d |
| 020 ## - INTERNATIONAL STANDARD BOOK NUMBER | |
| ISBN | 978-81-204-1786-1 |
| 041 ## - LANGUAGE CODE | |
| Language code of text/sound track or separate title | eng |
| 082 ## - DEWEY DECIMAL CLASSIFICATION NUMBER | |
| Item number | 20572 |
| 100 ## - MAIN ENTRY--AUTHOR NAME | |
| Personal name | Reddy, S Subba & Other |
| 245 ## - TITLE STATEMENT | |
| Title | Agricultural Economics |
| 260 ## - PUBLICATION, DISTRIBUTION, ETC. (IMPRINT) | |
| Name of publisher | Oxford |
| Year of publication | 2016 |
| 300 ## - PHYSICAL DESCRIPTION | |
| Number of Pages | 689 |
| 650 ## - SUBJECT ADDED ENTRY--TOPICAL TERM | |
| Topical Term | Agriculture |
| 942 ## - ADDED ENTRY ELEMENTS (KOHA) | |
| Koha item type | Books |
| Lost status | Damaged status | Collection code | Home library | Current library | Shelving location | Date acquired | Source of acquisition | Cost, normal purchase price | Full call number | Accession Number | Koha item type |
|---|---|---|---|---|---|---|---|---|---|---|---|
| Reference | JRU Library | JRU Library | SHELF - 12 - B | 01/07/2016 | PURCHASE | 510.00 | 631.1 | 20572 | Books | ||
| AGRICULTURE | JRU Library | JRU Library | SHELF-46-J | 01/07/2016 | PURCHASE | 510.00 | 631.1 | 20573 | Books | ||
| AGRICULTURE | JRU Library | JRU Library | SHELF-46-J | 01/07/2016 | PURCHASE | 510.00 | 631.1 | 20574 | Books | ||
| Reference | JRU Library | JRU Library | SHELF-2-D | 01/07/2016 | PURCHASE | 510.00 | 631.1 | 20575 | Books | ||
| AGRICULTURE | JRU Library | JRU Library | SHELF-46-J | 01/07/2016 | 510.00 | 20572 | 20576 | Books | |||
| AGRICULTURE | JRU Library | JRU Library | SHELF-46-J | 01/07/2016 | 510.00 | 20572 | 20577 | Books | |||
| AGRICULTURE | JRU Library | JRU Library | SHELF-46-J | 01/07/2016 | 510.00 | 20572 | 20578 | Books | |||
| AGRICULTURE | JRU Library | JRU Library | SHELF-46-J | 01/07/2016 | 510.00 | 20572 | 20579 | Books | |||
| AGRICULTURE | JRU Library | JRU Library | SHELF-46-J | 01/07/2016 | 510.00 | 20572 | 20580 | Books | |||
| AGRICULTURE | JRU Library | JRU Library | SHELF-46-J | 01/07/2016 | 510.00 | 20572 | 20581 | Books | |||
| AGRICULTURE | JRU Library | JRU Library | SHELF-46-J | 01/07/2016 | PURCHASE | 510.00 | 631.1 | 20582 | Books | ||
| AGRICULTURE | JRU Library | JRU Library | SHELF-46-J | 01/07/2016 | 510.00 | 20572 | 20583 | Books | |||
| AGRICULTURE | JRU Library | JRU Library | SHELF-16-A | 01/07/2016 | 510.00 | 631.1 | 20584 | Books | |||
| AGRICULTURE | JRU Library | JRU Library | SHELF-46-J | 01/07/2016 | 510.00 | 20572 | 20585 | Books | |||
| AGRICULTURE | JRU Library | JRU Library | SHELF-46-J | 01/07/2016 | 510.00 | 20572 | 20586 | Books | |||
| AGRICULTURE | JRU Library | JRU Library | SHELF-46-J | 01/07/2016 | 510.00 | 20572 | 20587 | Books | |||
| AGRICULTURE | JRU Library | JRU Library | SHELF-46-J | 01/07/2016 | 510.00 | 20572 | 20588 | Books | |||
| AGRICULTURE | JRU Library | JRU Library | SHELF-46-J | 01/07/2016 | 510.00 | 20572 | 20589 | Books | |||
| AGRICULTURE | JRU Library | JRU Library | SHELF-46-J | 01/07/2016 | 510.00 | 20572 | 20590 | Books | |||
| AGRICULTURE | JRU Library | JRU Library | SHELF-46-J | 01/07/2016 | 510.00 | 20572 | 20591 | Books |